000 00672nas a2200217 i 4500
001 311
003 ES-MaACL
005 20250721144324.0
008 950801d18821894fr | | 1 ||re d
080 _a44
245 0 2 _aL'Astronomie populaire /
_cdir. Camille Flammarion.
260 _aParis :
_bAux Bureaux de l'Astronomie,
_c1882-1894 (
_fGauthier-Villars et Fils)
300 _a5 v. :
_bgrab ;
_c28 cm.
310 _aMensual
362 0 _aAño I (1882)-1894.
650 7 _aAstronomía
_2embne
_910386
700 1 _aFlammarion, Camille,
_d1842-1925
_951110
852 _aES-MaACL
_jZ-124
_xOlim: G-7496-7500
866 0 _o1890-94.
999 _c311
_d311